Normal view
MARC view
- Production engineering
Entry Topical Term
001 - CONTROL NUMBER
- control field: 86154
003 - CONTROL NUMBER IDENTIFIER
- control field: NUST
005 - DATE AND TIME OF LATEST TRANSACTION
- control field: 20211209103410.0
008 - FIXED-LENGTH DATA ELEMENTS
- fixed length control field: 211209|| aca||aabn | a|a d
040 ## - CATALOGING SOURCE
- Original cataloging agency: NUST
- Transcribing agency: NUST
150 ## - HEADING--TOPICAL TERM
- Topical term or geographic name entry element: Production engineering
670 ## - SOURCE DATA FOUND
- Source citation: Work cat.: (NUST)32444: Integrated product and process design and development :, c2010.
